000 00363nam a22001577a 4500
003 MACL
005 20151219152709.0
008 151219b xxu||||| |||| 00| 0 eng d
040 _cMACL
041 _aEnglish
082 _a636.7/IBB
100 _aIbbotson Angela
_921457
245 _aGerman Shepherd Dog
650 _aAnimal Husbandry
_96700
942 _2ddc
_cBK
999 _c51561
_d51561